| 000 | 00922nam a2200241 a 4500 | ||
|---|---|---|---|
| 001 | BRCA_3889 | ||
| 005 | 20190320204449.0 | ||
| 008 | 291209s1980----mx-#######---#000-0#spa-# | ||
| 041 | _aspa | ||
| 044 | _amx | ||
| 050 | 4 |
_aF1221 _b.T67 1980 |
|
| 100 | 1 |
_aTorre Comps, Paz de la _910118 |
|
| 245 | 1 | 0 |
_aLa colección de esmaltes en el Museo Nacional de Historia del Castillo de Chapultepec _bclasificación y análisis. |
| 260 |
_aCiudad de México _c1980 |
||
| 300 |
_a1 v. (en varias paginaciones) _c25 cm. |
||
| 500 | _aSe cuenta con las copias originales en un sobre, ubicado en el interior de la tesis | ||
| 502 | _aTesis Licenciatura (Licenciado en Historia del Arte) Universidad Iberoamericana | ||
| 504 | _aBibliografía: p. [47-53] | ||
| 610 | 2 | 4 |
_aMuseo Nacional de Historia del Castillo de Chapultepec (Ciudad de México) _910119 |
| 650 | 1 | 4 |
_aEsmaltes _zMéxico _94862 |
| 902 | _aTES | ||
| 942 |
_2lcc _cTES |
||
| 999 |
_c3617 _d3617 |
||